header

Democratic National Convention 2008 (Record no. 62645)

MARC details
000 -LEADER
fixed length control field 01343nam a2200361 a 4500
245 00 - TITLE STATEMENT
Title Democratic National Convention 2008
260 ## - PUBLICATION, DISTRIBUTION, ETC. (IMPRINT)
Place of publication Golden, Colo. :
Name of publisher Fulcrum Pub.,
Year of publication 2008.
300 ## - PHYSICAL DESCRIPTION
Number of Pages 64 p. :
Other physical details col. ill.
500 ## - GENERAL NOTE
General note Includes index.
650 #0 - SUBJECT ADDED ENTRY--TOPICAL TERM
Topical Term Presidents
Topical Term Political campaigns
Topical Term Politics, Practical
856 40 - ELECTRONIC LOCATION AND ACCESS
Uniform Resource Identifier http://site.ebrary.com/lib/rucke/Doc?id=10309910

No items available.

© 2026 Rongo University
Contact us: librarian | system librarian | Rongo university